Statystyki dla Wszyscy zwycięzcy Mistrzostw Europy w koszykówce

Kliknij tutaj aby rozwiązać quiz!

Ogólne statystyki

  • Ten quiz został rozwiązany 61 razy
  • Średni wynik to 36 z 41

Statystyki odpowiedzi

RokPaństwo% Poprawnych
2022Hiszpania
100%
2015Hiszpania
100%
2011Hiszpania
100%
2009Hiszpania
100%
1993Niemcy
98%
1965Związek Radziecki
98%
1985Związek Radziecki
98%
1981Związek Radziecki
98%
1971Związek Radziecki
98%
1969Związek Radziecki
98%
1967Związek Radziecki
98%
1979Związek Radziecki
98%
1963Związek Radziecki
98%
1959Związek Radziecki
98%
1957Związek Radziecki
98%
1953Związek Radziecki
98%
1951Związek Radziecki
98%
1961Związek Radziecki
98%
1947Związek Radziecki
96%
1983Włochy
93%
1999Włochy
93%
2013Francja
91%
2007Rosja
85%
2017Słowenia
85%
1995Jugosławia
82%
2001Jugosławia
82%
1997Jugosławia
82%
1991Jugosławia
82%
1977Jugosławia
82%
1989Jugosławia
82%
1975Jugosławia
82%
1973Jugosławia
82%
1987Grecja
78%
2005Grecja
78%
1937Litwa
76%
2003Litwa
76%
1939Litwa
76%
1946Czechosłowacja
64%
1935Łotwa
64%
1955Węgry
60%
1949Egipt
18%

Rozkład punktacji

Percentyl według liczby udzielonych odpowiedzi

Procent ludzi z każdym wynikiem

Twoja historia wyników

Nie rozwiązałeś tego quizu